<?xml version="1.0" encoding="UTF-8"?>
<record
    xmlns:xsi="http://www.w3.org/2001/XMLSchema-instance"
    xsi:schemaLocation="http://www.loc.gov/MARC21/slim http://www.loc.gov/standards/marcxml/schema/MARC21slim.xsd"
    xmlns="http://www.loc.gov/MARC21/slim">

  <leader>00401nam a2200145Ia 4500</leader>
  <controlfield tag="008">230519s9999    xx            000 0 und d</controlfield>
  <datafield tag="020" ind1=" " ind2=" ">
    <subfield code="a">978-93-5270-692-1</subfield>
  </datafield>
  <datafield tag="041" ind1=" " ind2=" ">
    <subfield code="a">eng</subfield>
  </datafield>
  <datafield tag="082" ind1=" " ind2=" ">
    <subfield code="a">A/611/SEM/DB0946</subfield>
  </datafield>
  <datafield tag="100" ind1=" " ind2=" ">
    <subfield code="a">Sembulingam K &amp; Sembulingam Prema</subfield>
    <subfield code="9">177143</subfield>
  </datafield>
  <datafield tag="245" ind1=" " ind2=" ">
    <subfield code="a">Review of Medical Physiology</subfield>
  </datafield>
  <datafield tag="260" ind1=" " ind2=" ">
    <subfield code="b">Jaypee Brothers</subfield>
    <subfield code="a">New Delhi</subfield>
    <subfield code="c">2021</subfield>
  </datafield>
  <datafield tag="300" ind1=" " ind2=" ">
    <subfield code="a">144p</subfield>
  </datafield>
  <datafield tag="999" ind1=" " ind2=" ">
    <subfield code="c">159532</subfield>
    <subfield code="d">159532</subfield>
  </datafield>
  <datafield tag="952" ind1=" " ind2=" ">
    <subfield code="0">0</subfield>
    <subfield code="1">0</subfield>
    <subfield code="4">0</subfield>
    <subfield code="7">0</subfield>
    <subfield code="8">A</subfield>
    <subfield code="a">BTIN</subfield>
    <subfield code="b">BTIN</subfield>
    <subfield code="d">2022-03-28</subfield>
    <subfield code="g">100.00</subfield>
    <subfield code="i">54</subfield>
    <subfield code="l">1</subfield>
    <subfield code="o">A 611 SEM DB0946</subfield>
    <subfield code="p">BTIN-DB-946</subfield>
    <subfield code="r">2023-11-30 00:00:00</subfield>
    <subfield code="s">2023-11-28</subfield>
    <subfield code="w">2022-03-25</subfield>
    <subfield code="y">DB</subfield>
    <subfield code="z">DB0946</subfield>
  </datafield>
  <datafield tag="952" ind1=" " ind2=" ">
    <subfield code="0">0</subfield>
    <subfield code="1">0</subfield>
    <subfield code="4">0</subfield>
    <subfield code="7">0</subfield>
    <subfield code="8">A</subfield>
    <subfield code="a">BTIN</subfield>
    <subfield code="b">BTIN</subfield>
    <subfield code="d">2022-03-28</subfield>
    <subfield code="g">100.00</subfield>
    <subfield code="i">54</subfield>
    <subfield code="l">2</subfield>
    <subfield code="m">2</subfield>
    <subfield code="o">A 611 SEM DB0947</subfield>
    <subfield code="p">BTIN-DB-947</subfield>
    <subfield code="r">2023-07-31 00:00:00</subfield>
    <subfield code="s">2023-07-04</subfield>
    <subfield code="w">2022-03-25</subfield>
    <subfield code="y">DB</subfield>
    <subfield code="z">DB0947</subfield>
  </datafield>
  <datafield tag="952" ind1=" " ind2=" ">
    <subfield code="0">0</subfield>
    <subfield code="1">0</subfield>
    <subfield code="4">0</subfield>
    <subfield code="7">0</subfield>
    <subfield code="8">A</subfield>
    <subfield code="a">BTIN</subfield>
    <subfield code="b">BTIN</subfield>
    <subfield code="d">2022-03-28</subfield>
    <subfield code="g">100.00</subfield>
    <subfield code="i">54</subfield>
    <subfield code="l">1</subfield>
    <subfield code="o">A 611 SEM DB0948</subfield>
    <subfield code="p">BTIN-DB-948</subfield>
    <subfield code="r">2023-07-04 00:00:00</subfield>
    <subfield code="s">2023-06-26</subfield>
    <subfield code="w">2022-03-25</subfield>
    <subfield code="y">DB</subfield>
    <subfield code="z">DB0948</subfield>
  </datafield>
</record>
